Chân dung con người qua cái nhìn Việt Nam T. 2

TM tài liệu tham khảo tr. 601 - 608; Thể hiện cái nhìn dân gian về chân dung con người của người Việt Nam qua những ngôn từ, câu ca dao, tục ngữ, thành ngữ, câu đố...Tập này trình bày về cái chân, cái tay của con người....

תיאור מלא

שמור ב:
מידע ביבליוגרפי
מחבר ראשי: Ngô, Văn Ban
מחברים אחרים: Hội Văn nghệ dân gian Việt Nam
פורמט: ספר
שפה:Undetermined
יצא לאור: H. Văn hóa thông tin 2013
נושאים:
גישה מקוונת:http://lrc.tdmu.edu.vn/opac/search/detail.asp?aID=2&ID=19971
תגים: הוספת תג
אין תגיות, היה/י הראשונ/ה לתייג את הרשומה!
Thư viện lưu trữ: Trung tâm Học liệu Trường Đại học Thủ Dầu Một
LEADER 01285nam a2200229Ia 4500
001 TDMU_19971
008 210410s9999 xx 000 0 und d
082 |a 398.809597 
090 |b NG450 
100 |a Ngô, Văn Ban 
245 0 |a Chân dung con người qua cái nhìn Việt Nam 
245 0 |c Ngô Văn Ban 
245 0 |n T. 2 
260 |a H. 
260 |b Văn hóa thông tin 
260 |c 2013 
300 |a 611 tr. 
520 |a TM tài liệu tham khảo tr. 601 - 608; Thể hiện cái nhìn dân gian về chân dung con người của người Việt Nam qua những ngôn từ, câu ca dao, tục ngữ, thành ngữ, câu đố...Tập này trình bày về cái chân, cái tay của con người. 
650 |a Văn hóa dân gian  |x Ca dao, tục ngữ, thành ngữ, câu đố  |x Chân dung  |z Việt Nam; Ca dao, tục ngữ, thành ngữ, câu đố  |x Chân dung  |z Việt Nam; Việt Nam  |x Văn hóa  |x Ca dao, tục ngữ, thành ngữ, câu đố  |x Chân dung 
700 |a Hội Văn nghệ dân gian Việt Nam 
856 |u http://lrc.tdmu.edu.vn/opac/search/detail.asp?aID=2&ID=19971 
980 |a Trung tâm Học liệu Trường Đại học Thủ Dầu Một